[Event "9. Torneo IRT Pueblo Nuevo"]
[Site "Madrid ESP"]
[Date "2006.02.11"]
[Round "1.2"]
[White "Navas Hernando, Oscar"]
[Black "Gonzalez Gonzalez, Fidel"]
[Result "1/2-1/2"]
[WhiteElo "1774"]
[BlackElo "1971"]
[PlyCount "43"]
[EventDate "2006.02.11"]
[EventType "tourn"]
[EventRounds "9"]
[EventCountry "ESP"]
[Source "lmi"]
[SourceDate "2006.04.10"]

1. Nf3 d5 2. d4 c6 3. e3 Nf6 4. Bd3 Bg4 5. h3 Bh5 6. Nbd2 e6 7. O-O Nbd7 8. Be2
Bd6 9. b3 h6 10. Bb2 Qc7 11. c4 Qb8 12. Rc1 g5 13. Ne5 Bxe2 14. Qxe2 Nxe5 15.
dxe5 Bxe5 16. Nf3 Bxb2 17. Qxb2 Ke7 18. Ne5 h5 19. Qa3+ Ke8 20. f4 gxf4 21.
exf4 Qc7 22. Qb2 1/2-1/2

[Event "9. Torneo IRT Pueblo Nuevo"]
[Site "Madrid ESP"]
[Date "2006.02.11"]
[Round "1.3"]
[White "Lozano Freras, Sergio"]
[Black "Vallejo Nuño, Jorge"]
[Result "1/2-1/2"]
[WhiteElo "1983"]
[BlackElo "1961"]
[PlyCount "50"]
[EventDate "2006.02.11"]
[EventType "tourn"]
[EventRounds "9"]
[EventCountry "ESP"]
[Source "lmi"]
[SourceDate "2006.04.10"]

1. e4 e5 2. Nf3 Nf6 3. Nxe5 d6 4. Nf3 Nxe4 5. d4 d5 6. Bd3 Bd6 7. O-O O-O 8. c4
c6 9. Nc3 Nxc3 10. bxc3 dxc4 11. Bxc4 Bf5 12. Bd3 Bxd3 13. Qxd3 Nd7 14. Re1 Qc7
15. Bg5 Rfe8 16. Re2 Nf8 17. Rae1 Rxe2 18. Rxe2 Ne6 19. c4 Bxh2+ 20. Nxh2 Nxg5
21. d5 cxd5 22. cxd5 Qd6 23. Qb5 h6 24. Qxb7 Rb8 25. Qc6 Qxc6 1/2-1/2

[Event "9. Torneo IRT Pueblo Nuevo"]
[Site "Madrid ESP"]
[Date "2006.02.11"]
[Round "1.4"]
[White "Martin Prieto, Oscar"]
[Black "Ubed Garcia-Cuenca, Pedro"]
[Result "1/2-1/2"]
[WhiteElo "2148"]
[BlackElo "1888"]
[PlyCount "55"]
[EventDate "2006.02.11"]
[EventType "tourn"]
[EventRounds "9"]
[EventCountry "ESP"]
[Source "lmi"]
[SourceDate "2006.04.10"]

1. c4 Nf6 2. g3 e6 3. Bg2 d5 4. Nf3 Be7 5. O-O O-O 6. d4 dxc4 7. Ne5 c5 8. e3
Qc7 9. Na3 cxd4 10. exd4 Bxa3 11. bxa3 c3 12. Qb3 Rd8 13. Be3 Nd5 14. Rac1 Qa5
15. Bxd5 Qxd5 16. Rxc3 Qxb3 17. axb3 Nd7 18. Rc7 Nxe5 19. dxe5 b6 20. Bg5 Rd5
21. Rfc1 Ba6 22. b4 Rxe5 23. Bf4 Rd5 24. a4 Rdd8 25. b5 Bc8 26. Re7 e5 27. Bxe5
Be6 28. Rec7 1/2-1/2

[Event "9. Torneo IRT Pueblo Nuevo"]
[Site "Madrid ESP"]
[Date "2006.02.18"]
[Round "2.2"]
[White "Ubed Garcia-Cuenca, Pedro"]
[Black "Peral Aparicio, Jesus"]
[Result "1-0"]
[WhiteElo "1888"]
[BlackElo "1740"]
[PlyCount "95"]
[EventDate "2006.02.11"]
[EventType "tourn"]
[EventRounds "9"]
[EventCountry "ESP"]
[Source "lmi"]
[SourceDate "2006.04.10"]

1. e4 c5 2. Nc3 d6 3. g3 Nf6 4. Bg2 e5 5. d3 Be7 6. Nge2 Nc6 7. O-O Bg4 8. h3
Bh5 9. Be3 Qd7 10. Qd2 Nd4 11. f4 Nxe2+ 12. Nxe2 Bxe2 13. Qxe2 O-O 14. Kh2 exf4
15. Bxf4 Rae8 16. Rae1 Kh8 17. e5 dxe5 18. Qxe5 b6 19. Qc7 Qxc7 20. Bxc7 Bd8
21. Bxd8 Rxd8 22. Re7 a5 23. g4 Rd7 24. Rfe1 g5 25. Rxd7 Nxd7 26. Re7 Rd8 27.
Rxf7 b5 28. Be4 Nf8 29. Rf5 h6 30. Rxc5 Ne6 31. Rxb5 Rf8 32. Rf5 Kg7 33. Rxf8
Kxf8 34. Kg3 Ke7 35. h4 Kd6 36. hxg5 hxg5 37. Kf2 Kc5 38. Ke3 Kb5 39. Bd5 Nc5
40. b3 Kb4 41. Kd4 Nd7 42. a4 Nb6 43. Ke5 Kc3 44. Bc4 Kxc2 45. Kf5 Nxc4 46.
bxc4 Kb3 47. c5 Kxa4 48. c6 1-0

[Event "9. Torneo IRT Pueblo Nuevo"]
[Site "Madrid ESP"]
[Date "2006.02.18"]
[Round "2.3"]
[White "Vallejo Nuño, Jorge"]
[Black "Martin Prieto, Oscar"]
[Result "0-1"]
[WhiteElo "1961"]
[BlackElo "2148"]
[PlyCount "100"]
[EventDate "2006.02.11"]
[EventType "tourn"]
[EventRounds "9"]
[EventCountry "ESP"]
[Source "lmi"]
[SourceDate "2006.04.10"]

1. e4 c5 2. Nf3 Nf6 3. e5 Nd5 4. Nc3 e6 5. Nxd5 exd5 6. d4 Nc6 7. dxc5 Bxc5 8.
Qxd5 d6 9. exd6 Qb6 10. Bd3 Bxf2+ 11. Kd1 Be6 12. Qb5 O-O-O 13. Qxb6 Bxb6 14.
Bf4 h6 15. c3 Bc5 16. Kc2 Bxd6 17. Bxd6 Rxd6 18. b3 Rhd8 19. Rad1 a6 20. Be4
Ne7 21. Nd4 Nd5 22. Bxd5 Bxd5 23. Rhf1 R8d7 24. g3 Be4+ 25. Kd2 g6 26. Rde1 f5
27. Rf2 h5 28. Ke3 Kd8 29. Kf4 Rc7 30. Re3 h4 31. gxh4 Rh7 32. Rh3 Rh5 33. Rg3
Rxh4+ 34. Kg5 Rh5+ 35. Kf4 Ke7 36. Nf3 Bxf3 37. Kxf3 Kf6 38. Kg2 g5 39. Rgf3 f4
40. Re2 Rh7 41. Rff2 Kf5 42. Re8 Rf7 43. Rfe2 Rd3 44. R2e5+ Kg4 45. Rg8 Rd2+
46. Kf1 Kf3 47. Ke1 Rg2 48. h4 gxh4 49. Rh8 Rd7 50. Rxh4 Rg1# 0-1

[Event "9. Torneo IRT Pueblo Nuevo"]
[Site "Madrid ESP"]
[Date "2006.02.18"]
[Round "2.4"]
[White "Gonzalez Gonzalez, Fidel"]
[Black "Lozano Freras, Sergio"]
[Result "1/2-1/2"]
[WhiteElo "1971"]
[BlackElo "1983"]
[PlyCount "85"]
[EventDate "2006.02.11"]
[EventType "tourn"]
[EventRounds "9"]
[EventCountry "ESP"]
[Source "lmi"]
[SourceDate "2006.04.10"]

1. d4 d5 2. Nf3 Nf6 3. Bg5 h6 4. Bh4 e6 5. Nbd2 Be7 6. e3 O-O 7. Bd3 c5 8. c3
Nc6 9. O-O c4 10. Bc2 b5 11. a3 a5 12. Ne5 Nxe5 13. dxe5 Nd7 14. Bxe7 Qxe7 15.
f4 f6 16. exf6 Rxf6 17. e4 Qc5+ 18. Kh1 Bb7 19. e5 Rf7 20. Qg4 Qb6 21. Nf3 Raf8
22. Qg6 Rxf4 23. Qh7+ Kf7 24. Ng5+ Ke8 25. Qg6+ Ke7 26. Rxf4 Rxf4 27. Qxg7+ Kd8
28. Qxh6 Nf8 29. Nf3 Qe3 30. Qg5+ Kc8 31. Qg3 d4 32. Nxd4 Qxe5 33. Re1 Qf6 34.
h3 Rf2 35. Be4 Rf1+ 36. Kh2 Rxe1 37. Bxb7+ Kxb7 38. Qxe1 Qf4+ 39. Kh1 b4 40.
axb4 axb4 41. Nxe6 Nxe6 42. Qxe6 Qf1+ 43. Kh2 1/2-1/2

[Event "9. Torneo IRT Pueblo Nuevo"]
[Site "Madrid ESP"]
[Date "2006.02.25"]
[Round "3.1"]
[White "Navas Hernando, Oscar"]
[Black "Alonso Aranzabal, Iñigo"]
[Result "0-1"]
[WhiteElo "1774"]
[BlackElo "2166"]
[PlyCount "112"]
[EventDate "2006.02.11"]
[EventType "tourn"]
[EventRounds "9"]
[EventCountry "ESP"]
[Source "lmi"]
[SourceDate "2006.04.10"]

1. d4 Nf6 2. c4 g6 3. Nc3 Bg7 4. e4 O-O 5. f3 d6 6. Be3 Nc6 7. Nge2 a6 8. Qd2
Rb8 9. h4 h5 10. Nc1 e5 11. d5 Nd4 12. N1e2 Nxe2 13. Bxe2 Bd7 14. Ba7 Ra8 15.
Be3 Qb8 16. O-O Nh7 17. Bd3 Qd8 18. Qe1 Qe7 19. Qg3 Kh8 20. Rae1 Bf6 21. Bf2
Rg8 22. Qh2 Rg7 23. Kh1 Rag8 24. g3 g5 25. Rg1 Nf8 26. f4 gxf4 27. gxf4 Bg4 28.
Be2 exf4 29. Bxg4 Rxg4 30. Rxg4 Rxg4 31. Rg1 Bxc3 32. Rxg4 hxg4 33. Qxf4 Bxb2
34. Qxg4 Qf6 35. Kg2 Qg6 36. Kf3 Qxg4+ 37. Kxg4 Kg7 38. c5 dxc5 39. Bxc5 Nd7
40. Be7 Kg6 41. h5+ Kh6 42. Bg5+ Kg7 43. Kf5 c5 44. dxc6 bxc6 45. Bf4 c5 46. e5
Bxe5 47. h6+ Kh7 48. Bxe5 Nxe5 49. Kxe5 Kxh6 50. Kd5 Kg5 51. Kxc5 f5 52. a4 f4
53. a5 f3 54. Kb6 f2 55. Kxa6 f1=Q+ 56. Kb7 Qb5+ 0-1

[Event "9. Torneo IRT Pueblo Nuevo"]
[Site "Madrid ESP"]
[Date "2006.02.25"]
[Round "3.3"]
[White "Martin Prieto, Oscar"]
[Black "Gonzalez Gonzalez, Fidel"]
[Result "1-0"]
[WhiteElo "2148"]
[BlackElo "1971"]
[PlyCount "97"]
[EventDate "2006.02.11"]
[EventType "tourn"]
[EventRounds "9"]
[EventCountry "ESP"]
[Source "lmi"]
[SourceDate "2006.04.10"]

1. g3 d5 2. Bg2 Nf6 3. c4 c6 4. Nf3 e6 5. O-O Nbd7 6. b3 Bd6 7. Bb2 O-O 8. d3
Re8 9. Nbd2 e5 10. cxd5 cxd5 11. e4 d4 12. Ne1 Nb6 13. Nc2 Nfd7 14. Na3 a6 15.
Nac4 Bb8 16. Ba3 Nxc4 17. bxc4 Qa5 18. Qc1 b5 19. Nb3 Qa4 20. cxb5 axb5 21. Bc5
Ra6 22. Qd2 Rc6 23. Bb4 Bd6 24. Bxd6 Rxd6 25. Rfc1 Nb6 26. Nc5 Qa3 27. Rab1 Nd7
28. Rb3 Qa7 29. Rxb5 Rc6 30. Nb3 Qc7 31. Bh3 Ba6 32. Bxd7 Qxd7 33. Rxc6 Qxc6
34. Rc5 Qb6 35. Qc2 Qb4 36. Kg2 h5 37. h4 g6 38. Rc6 Bb5 39. Rc8 Kf8 40. Rxe8+
Kxe8 41. Qc8+ Ke7 42. Nc5 Qa5 43. Qb7+ Kf8 44. Qb8+ Ke7 45. Qxe5+ Kf8 46. Nd7+
Kg8 47. Qe8+ Kg7 48. Qf8+ Kh7 49. Nf6# 1-0

[Event "9. Torneo IRT Pueblo Nuevo"]
[Site "Madrid ESP"]
[Date "2006.02.25"]
[Round "3.4"]
[White "Peral Aparicio, Jesus"]
[Black "Vallejo Nuño, Jorge"]
[Result "1/2-1/2"]
[WhiteElo "1740"]
[BlackElo "1961"]
[PlyCount "36"]
[EventDate "2006.02.11"]
[EventType "tourn"]
[EventRounds "9"]
[EventCountry "ESP"]
[Source "lmi"]
[SourceDate "2006.04.10"]

1. d4 f5 2. c4 Nf6 3. Nc3 g6 4. Nf3 Bg7 5. Bf4 O-O 6. e3 d6 7. h3 Nbd7 8. Ng5
Nb8 9. d5 h6 10. Nf3 e5 11. Bh2 Nbd7 12. Be2 a6 13. Qc2 Kh7 14. Rg1 Nc5 15. Nd2
Nfe4 16. Ndxe4 fxe4 17. Rf1 Qe7 18. Bg3 Bd7 1/2-1/2

[Event "9. Torneo IRT Pueblo Nuevo"]
[Site "Madrid ESP"]
[Date "2006.03.04"]
[Round "4.1"]
[White "Alonso Aranzabal, Iñigo"]
[Black "Ubed Garcia-Cuenca, Pedro"]
[Result "0-1"]
[WhiteElo "2166"]
[BlackElo "1888"]
[PlyCount "71"]
[EventDate "2006.02.11"]
[EventType "tourn"]
[EventRounds "9"]
[EventCountry "ESP"]
[Source "lmi"]
[SourceDate "2006.04.10"]

1. e4 e5 2. Nf3 Nc6 3. Bb5 Nf6 4. O-O Nxe4 5. Re1 Nd6 6. Bxc6 dxc6 7. Nxe5 Be7
8. d4 O-O 9. Nd2 Nf5 10. Nb3 Be6 11. c3 Bd6 12. Na5 Qc8 13. b4 Re8 14. Nb3 Be7
15. Nc5 Bxc5 16. bxc5 Ne7 17. a4 f6 18. Nd3 Ng6 19. Bf4 Nxf4 20. Nxf4 Bf7 21.
Rb1 b6 22. Qf3 Qd7 23. Nd3 Bg6 24. Rxe8+ Rxe8 25. cxb6 cxb6 26. h3 Qf5 27. Re1
Rxe1+ 28. Nxe1 Qxf3 29. Nxf3 Bc2 30. a5 bxa5 31. Ne1 Bb1 32. Nf3 a4 33. Nd2 Ba2
34. f4 a3 35. d5 cxd5 36. c4 0-1

[Event "9. Torneo IRT Pueblo Nuevo"]
[Site "Madrid ESP"]
[Date "2006.03.04"]
[Round "4.3"]
[White "Gonzalez Gonzalez, Fidel"]
[Black "Peral Aparicio, Jesus"]
[Result "1-0"]
[WhiteElo "1971"]
[BlackElo "1740"]
[PlyCount "75"]
[EventDate "2006.02.11"]
[EventType "tourn"]
[EventRounds "9"]
[EventCountry "ESP"]
[Source "lmi"]
[SourceDate "2006.04.10"]

1. d4 Nf6 2. Nf3 g6 3. Bg5 Bg7 4. Nbd2 b6 5. e4 d6 6. Bd3 Bb7 7. O-O e6 8. e5
dxe5 9. dxe5 Nbd7 10. Ne4 Nxe5 11. Nxe5 Bxe4 12. Bb5+ c6 13. Bxc6+ Bxc6 14.
Nxc6 Qc7 15. Qf3 Nd5 16. Ne7 Rd8 17. Nxd5 Rxd5 18. Bf6 Rf5 19. Qa8+ Kd7 20.
Rad1+ Rd5 21. Rxd5+ exd5 22. Qxd5+ Kc8 23. Bxg7 Rd8 24. Qa8+ Kd7 25. Rd1+ Ke8
26. Qxd8+ Qxd8 27. Rxd8+ Kxd8 28. Kf1 Ke7 29. Ke2 Kd6 30. Ke3 Kd5 31. g4 Ke6
32. Ke4 f6 33. Bf8 b5 34. b3 a6 35. c4 bxc4 36. bxc4 Kd7 37. Kd5 Ke8 38. Kd6
1-0

[Event "9. Torneo IRT Pueblo Nuevo"]
[Site "Madrid ESP"]
[Date "2006.03.04"]
[Round "4.5"]
[White "Navas Hernando, Oscar"]
[Black "Lozano Freras, Sergio"]
[Result "1-0"]
[WhiteElo "1774"]
[BlackElo "1983"]
[PlyCount "67"]
[EventDate "2006.02.11"]
[EventType "tourn"]
[EventRounds "9"]
[EventCountry "ESP"]
[Source "lmi"]
[SourceDate "2006.04.10"]

1. d4 d5 2. Nf3 Nf6 3. c4 e6 4. g3 g6 5. Bg2 Bg7 6. O-O O-O 7. Bg5 h6 8. Bf4
Nbd7 9. Qc2 Nh5 10. Be3 b6 11. cxd5 exd5 12. Qc6 Rb8 13. Qxd5 Bb7 14. Qc4 b5
15. Qc2 Ndf6 16. Ne5 Bxg2 17. Kxg2 Nd5 18. Bd2 Rc8 19. Ba5 b4 20. Qc5 Qg5 21.
e3 Bxe5 22. Qxd5 Bd6 23. Qxg5 hxg5 24. Nd2 Rb8 25. Rac1 Rfc8 26. Rc6 Ng7 27.
Rfc1 Ne6 28. Ne4 Rd8 29. d5 Rb5 30. Bxc7 Nxc7 31. Rxd6 Rxd6 32. Nxd6 Rxd5 33.
Nc8 Nb5 34. Ne7+ 1-0

[Event "9. Torneo IRT Pueblo Nuevo"]
[Site "Madrid ESP"]
[Date "2006.03.28"]
[Round "5.1"]
[White "Lozano Freras, Sergio"]
[Black "Alonso Aranzabal, Iñigo"]
[Result "0-1"]
[WhiteElo "1983"]
[BlackElo "2168"]
[PlyCount "58"]
[EventDate "2006.02.11"]
[EventType "tourn"]
[EventRounds "9"]
[EventCountry "ESP"]
[Source "lmi"]
[SourceDate "2006.04.10"]

1. e4 e5 2. Nf3 Nc6 3. Bc4 Nf6 4. Ng5 d5 5. exd5 Na5 6. Bb5+ c6 7. dxc6 bxc6 8.
Be2 h6 9. Nf3 e4 10. Ne5 Bc5 11. c3 Qc7 12. d4 exd3 13. Nxd3 Bd6 14. h3 O-O 15.
O-O c5 16. Nd2 Bf5 17. b4 cxb4 18. Nxb4 Nc6 19. Bb2 Nxb4 20. cxb4 Bxb4 21. Bxf6
gxf6 22. Nc4 Rfd8 23. Qb3 Bc5 24. Qf3 Bg6 25. Qxf6 Bd4 26. Qh4 Bxa1 27. Rxa1
Kh7 28. Ne3 Qe5 29. Rb1 Bxb1 0-1

[Event "9. Torneo IRT Pueblo Nuevo"]
[Site "Madrid ESP"]
[Date "2006.03.11"]
[Round "5.2"]
[White "Martin Prieto, Oscar"]
[Black "Navas Hernando, Oscar"]
[Result "1-0"]
[WhiteElo "2148"]
[BlackElo "1774"]
[PlyCount "127"]
[EventDate "2006.02.11"]
[EventType "tourn"]
[EventRounds "9"]
[EventCountry "ESP"]
[Source "lmi"]
[SourceDate "2006.04.10"]

1. c4 e5 2. g3 f5 3. Bg2 Nf6 4. Nc3 d6 5. d3 Be7 6. e4 O-O 7. Nge2 c6 8. O-O
Na6 9. h3 Qe8 10. f4 Qh5 11. Be3 fxe4 12. Nxe4 Bxh3 13. Bxh3 Qxh3 14. Nf2 Qh5
15. Kg2 Ng4 16. Nxg4 Qxg4 17. Rf2 Rf6 18. Nc3 Qxd1 19. Rxd1 Nc7 20. d4 exf4 21.
gxf4 d5 22. b3 Rf5 23. Ne2 Bh4 24. Rf3 Raf8 25. Rdf1 Ne8 26. Rh3 g5 27. Ng3
Bxg3 28. Rxg3 h6 29. Rh1 Kg7 30. fxg5 hxg5 31. Rh5 Nf6 32. Rhxg5+ Rxg5 33.
Rxg5+ Kf7 34. Kf3 Re8 35. Rf5 Kg6 36. Re5 Rf8 37. Ke2 Ne4 38. Kd3 Rd8 39. Re7
Rb8 40. cxd5 cxd5 41. Rd7 Nf6 42. Rc7 Kf5 43. Ke2 Ne4 44. Kf3 Ke6 45. Bf4 Nd6
46. Rh7 Rd8 47. Bxd6 Rxd6 48. Rxb7 Ra6 49. a4 Rc6 50. Rxa7 Rc3+ 51. Kf4 Rxb3
52. Ra6+ Kd7 53. Ke5 Rh3 54. Kxd5 Rh5+ 55. Kc4 Kc7 56. a5 Kb7 57. Rb6+ Kc7 58.
Rb5 Rh1 59. Rb3 Ra1 60. Kb5 Rd1 61. Rb4 Rh1 62. d5 Rh6 63. Rc4+ Kb7 64. Rg4 1-0

[Event "9. Torneo IRT Pueblo Nuevo"]
[Site "Madrid ESP"]
[Date "2006.03.11"]
[Round "5.5"]
[White "Ubed Garcia-Cuenca, Pedro"]
[Black "Vallejo Nuño, Jorge"]
[Result "0-1"]
[WhiteElo "1888"]
[BlackElo "1961"]
[PlyCount "31"]
[EventDate "2006.02.11"]
[EventType "tourn"]
[EventRounds "9"]
[EventCountry "ESP"]
[Source "lmi"]
[SourceDate "2006.04.10"]

1. e4 d5 2. exd5 Qxd5 3. Nc3 Qd8 4. Nf3 Nf6 5. d4 Bg4 6. Be2 e6 7. h3 Bb4 8.
Be3 c6 9. Ne5 Bxe2 10. Qxe2 Qc7 11. O-O Nbd7 12. Nxd7 Qxd7 13. Bf4 Qxd4 14. Be5
Qb6 15. Ne4 Nxe4 16. Qxe4 0-1

[Event "9. Torneo IRT Pueblo Nuevo"]
[Site "Madrid ESP"]
[Date "2006.03.18"]
[Round "6.1"]
[White "Alonso Aranzabal, Iñigo"]
[Black "Vallejo Nuño, Jorge"]
[Result "1-0"]
[WhiteElo "2166"]
[BlackElo "1961"]
[PlyCount "99"]
[EventDate "2006.02.11"]
[EventType "tourn"]
[EventRounds "9"]
[EventCountry "ESP"]
[Source "lmi"]
[SourceDate "2006.04.10"]

1. e4 d5 2. exd5 Qxd5 3. Nc3 Qa5 4. d4 Nf6 5. Nf3 c6 6. Bd3 Bg4 7. h3 Bh5 8.
Bd2 e6 9. g4 Bg6 10. Bxg6 hxg6 11. Qe2 Nbd7 12. O-O-O O-O-O 13. Kb1 Qc7 14. g5
Nd5 15. Ne4 Be7 16. h4 Rh5 17. Rhg1 c5 18. c4 N5b6 19. d5 exd5 20. Ng3 Rhh8 21.
Qxe7 Rhe8 22. Qxf7 Rf8 23. Qxg7 Rxf3 24. Qxg6 Nxc4 25. Bc1 Rxf2 26. Rxd5 Ndb6
27. Rxd8+ Qxd8 28. Re1 Qd6 29. Qxd6 Nxd6 30. Ne4 Nxe4 31. Rxe4 Kd7 32. h5 Nd5
33. g6 Nf6 34. Rh4 Rg2 35. Be3 Kc6 36. Bh6 Nxh5 37. Rxh5 Rxg6 38. Be3 Rg7 39.
Rxc5+ Kd6 40. Rg5 Rf7 41. Bxa7 Kc6 42. Rg6+ Kd5 43. Bb6 Kc4 44. a3 Kb3 45. Rg3+
Kc4 46. Ka2 Kb5 47. Bd4 Kc4 48. Rg4 b5 49. Bc3+ Kc5 50. Kb3 1-0

[Event "9. Torneo IRT Pueblo Nuevo"]
[Site "Madrid ESP"]
[Date "2006.03.18"]
[Round "6.2"]
[White "Gonzalez Gonzalez, Fidel"]
[Black "Ubed Garcia-Cuenca, Pedro"]
[Result "1-0"]
[WhiteElo "1971"]
[BlackElo "1888"]
[PlyCount "114"]
[EventDate "2006.02.11"]
[EventType "tourn"]
[EventRounds "9"]
[EventCountry "ESP"]
[Source "lmi"]
[SourceDate "2006.04.10"]

1. d4 Nf6 2. Nf3 d5 3. Bg5 Ne4 4. Bf4 c6 5. e3 Qb6 6. Qc1 h6 7. c4 dxc4 8. Bxc4
Bf5 9. O-O e6 10. Nbd2 Nd7 11. Nxe4 Bxe4 12. Nd2 Bg6 13. Re1 Be7 14. Nf3 Be4
15. Nd2 Bg6 16. Bb3 Qd8 17. Nc4 Nf6 18. Ne5 Bh7 19. Qc4 O-O 20. h3 Nd7 21. Rad1
Nxe5 22. Bxe5 Be4 23. f3 Bg6 24. g4 Bd6 25. Bxd6 Qxd6 26. Kg2 Rfe8 27. Qc5 Qxc5
28. dxc5 Rad8 29. e4 Kf8 30. Kf2 Ke7 31. Ke3 Rxd1 32. Rxd1 Rd8 33. Rxd8 Kxd8
34. Kd4 Ke7 35. f4 f6 36. Bc4 Bf7 37. Be2 e5+ 38. fxe5 fxe5+ 39. Kxe5 Bxa2 40.
h4 Be6 41. g5 hxg5 42. hxg5 b6 43. cxb6 axb6 44. b4 b5 45. Kd4 Kf7 46. Bh5+ Ke7
47. Kc5 Bd7 48. Bg6 Ke6 49. Bf5+ Ke7 50. Bxd7 Kxd7 51. e5 Ke6 52. Kxc6 Kxe5 53.
Kxb5 Kd6 54. Ka6 Kc7 55. Kb5 Kb7 56. Kc5 Kc7 57. b5 g6 1-0

[Event "9. Torneo IRT Pueblo Nuevo"]
[Site "Madrid ESP"]
[Date "2006.03.18"]
[Round "6.4"]
[White "Lozano Freras, Sergio"]
[Black "Martin Prieto, Oscar"]
[Result "0-1"]
[WhiteElo "1983"]
[BlackElo "2148"]
[PlyCount "52"]
[EventDate "2006.02.11"]
[EventType "tourn"]
[EventRounds "9"]
[EventCountry "ESP"]
[Source "lmi"]
[SourceDate "2006.04.10"]

1. e4 c5 2. Nf3 Nf6 3. Nc3 Nc6 4. d4 d5 5. exd5 Nxd5 6. Ne4 cxd4 7. Nxd4 Qb6 8.
Nb3 Qb4+ 9. Ned2 e6 10. Be2 b6 11. O-O Bb7 12. c3 Qd6 13. Ne4 Qc7 14. c4 Nf4
15. Bxf4 Qxf4 16. Nc3 Rd8 17. Qc2 Nb4 18. Qc1 Qe5 19. Rd1 Bd6 20. g3 O-O 21. a3
Na6 22. Qc2 h5 23. Nd4 Bc5 24. Nf3 Qf6 25. Ne4 Qf5 26. Nfd2 Bxf2+ 0-1

[Event "9. Torneo IRT Pueblo Nuevo"]
[Site "Madrid ESP"]
[Date "2006.03.18"]
[Round "6.5"]
[White "Navas Hernando, Oscar"]
[Black "Peral Aparicio, Jesus"]
[Result "1-0"]
[WhiteElo "1774"]
[BlackElo "1740"]
[PlyCount "45"]
[EventDate "2006.02.11"]
[EventType "tourn"]
[EventRounds "9"]
[EventCountry "ESP"]
[Source "lmi"]
[SourceDate "2006.04.10"]

1. d4 Nf6 2. c4 e6 3. g3 d5 4. Bg2 Nbd7 5. Nf3 Ne4 6. O-O Be7 7. Qc2 Ndf6 8.
Rd1 Bd7 9. Ne5 c5 10. cxd5 exd5 11. f3 Nd6 12. dxc5 Nf5 13. Nxd7 Qxd7 14. Bh3
g6 15. e4 Qb5 16. exf5 Bxc5+ 17. Kh1 O-O 18. Nc3 Qc6 19. Bg2 Rad8 20. Bg5 Be7
21. Rac1 Qd7 22. Bxf6 Bxf6 23. Nxd5 1-0

[Event "9. Torneo IRT Pueblo Nuevo"]
[Site "Madrid ESP"]
[Date "2006.03.25"]
[Round "7.1"]
[White "Martin Prieto, Oscar"]
[Black "Alonso Aranzabal, Iñigo"]
[Result "1-0"]
[WhiteElo "2148"]
[BlackElo "2166"]
[PlyCount "45"]
[EventDate "2006.02.11"]
[EventType "tourn"]
[EventRounds "9"]
[EventCountry "ESP"]
[Source "lmi"]
[SourceDate "2006.04.10"]

1. c4 Nf6 2. Nc3 g6 3. g3 Bg7 4. Bg2 O-O 5. e4 d6 6. Nge2 e5 7. O-O c6 8. d3
Bg4 9. Be3 Nbd7 10. f3 Be6 11. Qd2 a5 12. Rae1 Nh5 13. g4 Nhf6 14. g5 Nh5 15.
f4 f5 16. exf5 gxf5 17. b3 Qe8 18. d4 exf4 19. Bxf4 Qg6 20. Bxd6 Rf7 21. Ng3
Nxg3 22. Bxg3 h6 23. d5 1-0

[Event "9. Torneo IRT Pueblo Nuevo"]
[Site "Madrid ESP"]
[Date "2006.03.25"]
[Round "7.2"]
[White "Peral Aparicio, Jesus"]
[Black "Lozano Freras, Sergio"]
[Result "0-1"]
[WhiteElo "1740"]
[BlackElo "1983"]
[PlyCount "70"]
[EventDate "2006.02.11"]
[EventType "tourn"]
[EventRounds "9"]
[EventCountry "ESP"]
[Source "lmi"]
[SourceDate "2006.04.10"]

1. d4 d5 2. c4 e6 3. Nc3 Nf6 4. Nf3 c6 5. Bg5 dxc4 6. e4 b5 7. e5 h6 8. Bd2 Nd5
9. a3 Qb6 10. Nxd5 cxd5 11. Be2 Nc6 12. Be3 a5 13. O-O Ba6 14. Ne1 b4 15. a4 c3
16. Bxa6 Qxa6 17. b3 Ne7 18. g4 h5 19. f3 hxg4 20. fxg4 Rxh2 21. Rf2 Rxf2 22.
Bxf2 Ng6 23. Bg3 Be7 24. Nc2 Bg5 25. Qf3 Bh4 26. Rf1 Ra7 27. Bh2 Bg5 28. Bg3
Re7 29. Qd1 f6 30. Qb1 Qd3 31. Kg2 Qe4+ 32. Kh3 Nf4+ 33. Bxf4 Bxf4 34. Rxf4
Qxf4 35. Qg1 Qf3+ 0-1

[Event "9. Torneo IRT Pueblo Nuevo"]
[Site "Madrid ESP"]
[Date "2006.03.25"]
[Round "7.5"]
[White "Vallejo Nuño, Jorge"]
[Black "Gonzalez Gonzalez, Fidel"]
[Result "1/2-1/2"]
[WhiteElo "1961"]
[BlackElo "1971"]
[PlyCount "52"]
[EventDate "2006.02.11"]
[EventType "tourn"]
[EventRounds "9"]
[EventCountry "ESP"]
[Source "lmi"]
[SourceDate "2006.04.10"]

1. e4 e6 2. d3 c5 3. Nd2 g6 4. Ngf3 Nc6 5. g3 Bg7 6. Bg2 Nge7 7. O-O O-O 8. Re1
e5 9. Nf1 f5 10. Bg5 d6 11. exf5 Bxf5 12. Ne3 Be6 13. h4 h5 14. Bxe7 Qxe7 15.
Nh2 Qd7 16. c3 Ne7 17. Qe2 Nf5 18. Nhg4 Rae8 19. Nxf5 gxf5 20. Ne3 f4 21. Nd5
Qf7 22. Qf3 Qg6 23. Nc7 Re7 24. Nxe6 Qxe6 25. Qd5 Qxd5 26. Bxd5+ Kh8 1/2-1/2

[Event "9. Torneo IRT Pueblo Nuevo"]
[Site "Madrid ESP"]
[Date "2006.04.02"]
[Round "8.1"]
[White "Alonso Aranzabal, Iñigo"]
[Black "Gonzalez Gonzalez, Fidel"]
[Result "1/2-1/2"]
[WhiteElo "2166"]
[BlackElo "1971"]
[PlyCount "77"]
[EventDate "2006.02.11"]
[EventType "tourn"]
[EventRounds "9"]
[EventCountry "ESP"]
[Source "lmi"]
[SourceDate "2006.04.10"]

1. e4 e6 2. d4 d5 3. e5 c5 4. c3 Nc6 5. Nf3 Qb6 6. a3 Bd7 7. b4 cxd4 8. cxd4
Rc8 9. Be3 Be7 10. Nbd2 a6 11. Nb3 Na7 12. Bd3 Ba4 13. Bc2 Bxb3 14. Bxb3 Qc7
15. O-O Bd8 16. Rc1 Qb8 17. Qd3 Ne7 18. a4 O-O 19. Bc2 g6 20. Bh6 Re8 21. g4
Nec6 22. Qb3 Be7 23. b5 Na5 24. Qd3 axb5 25. axb5 Nc4 26. Ng5 Bf8 27. Bxf8 Kxf8
28. Nxh7+ Ke7 29. Nf6 Rh8 30. f4 Rh4 31. Ba4 Qc7 32. Rxc4 Qxc4 33. Qa3+ Rc5 34.
Qxc5+ Qxc5 35. dxc5 Rh3 36. Ra1 Rc3 37. b6 Nc8 38. Bc6 Rxc5 39. Bxb7 1/2-1/2

[Event "9. Torneo IRT Pueblo Nuevo"]
[Site "Madrid ESP"]
[Date "2006.04.01"]
[Round "8.3"]
[White "Navas Hernando, Oscar"]
[Black "Ubed Garcia-Cuenca, Pedro"]
[Result "0-1"]
[WhiteElo "1774"]
[BlackElo "1888"]
[PlyCount "124"]
[EventDate "2006.02.11"]
[EventType "tourn"]
[EventRounds "9"]
[EventCountry "ESP"]
[Source "lmi"]
[SourceDate "2006.04.10"]

1. e4 e5 2. Nf3 Nc6 3. Bb5 Nf6 4. O-O Nxe4 5. d4 Be7 6. Qe2 Nd6 7. Bxc6 bxc6 8.
dxe5 Nb7 9. Be3 Nc5 10. Nbd2 Ba6 11. c4 O-O 12. Rac1 Ne6 13. Rfd1 d5 14. b3 d4
15. Ne4 c5 16. Ne1 Bb7 17. f3 Bxe4 18. fxe4 Bg5 19. Bxg5 Qxg5 20. Nd3 Nf4 21.
Nxf4 Qxf4 22. Rf1 Qxe5 23. Rf5 Qe7 24. Rd1 a5 25. Qf3 Ra6 26. e5 a4 27. Qb7 Rb6
28. Qd5 axb3 29. axb3 Rxb3 30. e6 f6 31. Qxc5 Qxc5 32. Rxc5 Re8 33. Re1 Re3 34.
Rxe3 dxe3 35. Rxc7 Rxe6 36. Kf1 e2+ 37. Ke1 Kf8 38. c5 Re7 39. Rc8+ Kf7 40. c6
Kg6 41. Rd8 Rc7 42. Rd6 Kf5 43. Kxe2 g5 44. Rd5+ Ke6 45. Rc5 Kd6 46. Rc3 Rxc6
47. Re3 Rc5 48. h3 Re5 49. g4 Ke6 50. Kf3 Rxe3+ 51. Kxe3 Ke5 52. Kf3 Kd4 53.
Kf2 Ke4 54. Kg3 Ke3 55. h4 h6 56. Kg2 Kf4 57. Kh3 Kf3 58. hxg5 hxg5 59. Kh2
Kxg4 60. Kg2 f5 61. Kf2 Kh3 62. Kf3 Kh2 0-1